[Event "Austin ACT"]
[Site "Austin"]
[Date "2025.06.15"]
[Round "8"]
[White "Lan, Kai Zhou"]
[Black "Bates, Evan"]
[Result "0-1"]
[WhiteElo "1682"]
[BlackElo "1953"]
[PlyCount "113"]
[EventDate "2025.06.12"]
[EventType "tourn"]
[EventRounds "9"]
[EventCountry "USA"]
[SourceTitle "CB25_2025"]
[SourceDate "2025.06.18"]
[SourceVersion "1"]
[SourceVersionDate "2025.06.18"]
[SourceQuality "1"]

1. e4 c6 2. d4 d5 3. Nc3 dxe4 4. Nxe4 Bf5 5. Ng3 Bg6 6. h4 h6 7. Nf3 Nd7 8. Bd3 Bxd3 9. Qxd3 e6 10. Bf4 Qa5+ 11. Bd2 Bb4 12. Ne4 Ngf6 13. Nd6+ Ke7 14. Nxb7 Bxd2+ 15. Nxd2 Qb4 16. Qb3 Qxd4 17. 0-0-0 Qxf2 18. Nc4 Qf4+ 19. Kb1 Qc7 20. Nca5 Rhb8 21. Rd3 Nd5 22. Rhd1 Ke8 23. c4 Nc5 24. Qa3 Nxb7 25. Nxb7 Qxb7 26. cxd5 cxd5 27. Rxd5 Qxd5 28. Rxd5 exd5 29. Qd3 Kf8 30. Qxd5 Kg8 31. g4 Rd8 32. Qf3 Rab8 33. Qf5 Rd2 34. g5 Rbxb2+ 35. Kc1 Rdc2+ 36. Kd1 Rf2 37. Qc8+ Kh7 38. Ke1 Rbe2+ 39. Kd1 Rxa2 40. Ke1 hxg5 41. hxg5 Rfe2+ 42. Kf1 Rec2 43. g6+ Kxg6 44. Qg4+ Kf6 45. Qf4+ Ke6 46. Qe4+ Kd6 47. Qd4+ Kc6 48. Qe4+ Kb5 49. Qb7+ Kc4 50. Qxf7+ Kc3 51. Qxg7+ Kd2 52. Qd4+ Kc1 53. Qe3+ Kb1 54. Qb3+ Rab2 55. Qd3 a5 56. Ke1 a4 57. Qd1+ 0-1

[Event "Austin ACT"]
[Site "Austin"]
[Date "2025.06.12"]
[Round "2"]
[White "Bates, Evan"]
[Black "Kaul, Krrish"]
[Result "1-0"]
[WhiteElo "1953"]
[BlackElo "1729"]
[PlyCount "109"]
[EventDate "2025.06.12"]
[EventType "tourn"]
[EventRounds "9"]
[EventCountry "USA"]
[SourceTitle "CB25_2025"]
[SourceDate "2025.06.18"]
[SourceVersion "1"]
[SourceVersionDate "2025.06.18"]
[SourceQuality "1"]

1. e4 c5 2. Nf3 e6 3. d4 cxd4 4. Nxd4 Nc6 5. Nc3 Qc7 6. Be3 a6 7. g4 b5 8. Nxc6 Qxc6 9. Qd2 b4 10. Ne2 Qxe4 11. Rg1 Qc4 12. Nd4 Qc7 13. 0-0-0 Nf6 14. Bg2 d5 15. g5 Nd7 16. Bf4 Bd6 17. Bxd6 Qxd6 18. Nf5 Qe5 19. Bxd5 Qxd5 20. Nd6+ Ke7 21. Qxb4 Qc5 22. Nf5+ Ke8 23. Nd6+ Ke7 24. Qf4 Rf8 25. Rge1 f6 26. Qe4 Qxg5+ 27. Kb1 Nb6 28. Nxc8+ Rfxc8 29. Qxe6+ Kf8 30. Qxb6 Rab8 31. Qd6+ Kg8 32. Qd5+ Qxd5 33. Rxd5 Rc6 34. Re7 Rbc8 35. c3 R6c7 36. Rxc7 Rxc7 37. Kc2 Kf7 38. Kd3 Ke6 39. c4 g5 40. b4 f5 41. Kd4 h5 42. c5 Rc6 43. a4 g4 44. b5 axb5 45. axb5 Rc8 46. b6 Rb8 47. Rd6+ Ke7 48. Kd5 f4 49. Rh6 Rd8+ 50. Kc6 Rc8+ 51. Kb5 Rg8 52. b7 g3 53. hxg3 fxg3 54. fxg3 Rxg3 55. Rb6 1-0